[Event "Titled Tue 19th Mar Early"]
[Site "chess.com INT"]
[Date "2024.03.19"]
[Round "3"]
[White "Nakamura, Hi"]
[Black "Moroni, L."]
[Result "1-0"]
[WhiteElo "2789"]
[BlackElo "2580"]
[PlyCount "66"]
[EventDate "2024.03.19"]

1. Nf3 g6 2. e4 Bg7 3. d4 d6 4. Bc4 Nf6 5. Qe2 O-O 6. e5 dxe5 7. dxe5 Nd5 8. O-O Be6 9. Ng5 ({RR} 9. Rd1 c6 10. Bb3 Nd7 11. c3 Qc7 12. Re1 a5 13. a4 Nxc3 14. Nxc3 Bxb3 15. Bf4 Be6 16. Ng5 Nb6 17. Nxe6 fxe6 18. Bg3 Rf5 19. Ne4 Nd7 20. Qc4 Nf8 21. Nc5 Qc8 22. Rad1 b6 23. Nd7 b5 {Hristodoulou,P (2627)-Moroni,L (2891) Chess.com 2024 0-1 (100)}) ({RR} 9. Rd1 c6 10. Nbd2 Nd7 11. Ne4 Qc7 12. Neg5 Nxe5 13. Nxe5 Qxe5 14. Qxe5 Bxe5 15. Nxe6 fxe6 16. c3 b5 17. Bb3 Bf4 18. Re1 Bxc1 19. Raxc1 Rf6 20. g3 Raf8 21. Re2 Kg7 22. c4 Nb4 23. cxb5 cxb5 {Pranav,V (2615)-Moroni,L (2552) chess.com INT 2025 1-0 (42)}) 9... c6 $146 ({RR} 9... Nd7 10. Nxe6 fxe6 11. f4 c6 12. Bb3 Qb6+ 13. Kh1 Rf5 14. c4 Nb4 15. Be3 Qc7 16. a3 Na6 17. Bc2 Rf7 18. Nd2 Raf8 19. Ne4 c5 20. Ng5 Qc6 21. Be4 Qb6 22. h4 Rf5 23. Nxe6 Bh6 24. Bd5 {Bruedigam,M (2386)-Dixit,N (2321) Chess.com INT 2020 1-0}) 10. Nxe6 fxe6 11. g3 Nd7 12. f4 b5 13. Bb3 g5 14. c3 gxf4 15. gxf4 Kh8 16. Na3 Rg8 17. Kh1 Qf8 18. Bc2 Qf7 19. Bd2 Raf8 20. Rf3 Bh6 21. Raf1 Qh5 22. Bd1 Qh4 23. Qf2 Qxf2 24. R3xf2 Rf7 25. Nc2 Nc5 26. Rf3 Ne4 27. Bc1 Rgf8 28. Nd4 Nxf4 29. Bc2 Nc5 30. b4 Nd7 31. Nxe6 Nxe5 32. Rxf4 Bxf4 33. Bxf4 Rxf4 1-0

[Event "Titled Tue 19th Mar Early"]
[Site "chess.com INT"]
[Date "2024.03.19"]
[Round "4"]
[White "Firouzja, Alireza"]
[Black "Rustemov, A."]
[Result "1-0"]
[WhiteElo "2760"]
[BlackElo "2525"]
[PlyCount "73"]
[EventDate "2024.03.19"]

1. Nf3 d5 2. g3 c6 3. Bg2 Bf5 4. O-O e6 5. c4 dxc4 ({RR} 5... h6 6. Qb3 Qb6 7. d3 Nf6 8. Be3 Qxb3 9. axb3 a6 10. Nc3 Nbd7 11. cxd5 exd5 12. Nd4 Bg6 13. Nc2 Bd6 14. b4 O-O 15. Bd4 Be5 16. Bxe5 Nxe5 17. Nd4 Ne8 18. h3 Nd6 19. f4 Nd7 20. g4 {Blohberger,F (2532)-Urbina Perez,J (2248) chess.com INT 2025 1-0 (43)}) 6. Nc3 ({RR} 6. a4 Nd7 7. Na3 Bxa3 8. Rxa3 Ngf6 9. Nh4 O-O 10. Nxf5 exf5 11. Qc2 Re8 12. Re3 Qa5 13. Qxc4 Nb6 14. Qc2 Ng4 15. Rxe8+ Rxe8 16. e3 Nxa4 17. b3 Nb6 18. Bb2 Qb5 19. h3 Nf6 20. Ra1 Ne4 {So,W (2789)-Aronian,L (2780) Leuven 2017 1-0 (85)}) ({RR} 6. a4 Nf6 7. Na3 Bxa3 8. Rxa3 O-O 9. a5 Be4 10. Rc3 Bd5 11. Qa4 Nbd7 12. Qa3 b5 13. d3 c5 14. Rc2 cxd3 15. exd3 c4 16. dxc4 bxc4 17. Be3 a6 18. Nd2 Rc8 19. Bxd5 exd5 20. Bd4 Re8 {Mukhutdinov,T (2264)-Rustemov,A (2525) chess.com INT 2024 0-1 (41)}) 6... h6 $146 ({RR} 6... Nd7 7. b3 cxb3 8. axb3 Ngf6 9. d3 Be7 10. Nh4 O-O 11. Nxf5 exf5 12. Bb2 Re8 13. Qc2 Nb6 14. Rfd1 Nfd5 15. Nxd5 Nxd5 16. e4 Nf6 17. exf5 Qd7 18. Be4 a6 19. Qc3 Rad8 20. h3 Bf8 21. Qc2 {Vastrukhin,O (2401)-Lazavik,D (2424) Chess.com INT 2020 0-1 (47)}) 7. a4 Nf6 8. a5 Na6 9. Ne5 Be7 10. Nxc4 O-O 11. d4 Rc8 12. e4 Bh7 13. Be3 Nb4 14. Qb3 b5 15. axb6 axb6 16. Ra7 Rc7 17. Rfa1 c5 18. Rxc7 Qxc7 19. d5 exd5 20. exd5 Ne8 21. Bf4 Qd8 22. Ne5 Bd6 23. Nb5 Bc2 24. Qc3 Bf5 25. Nxd6 Nxd6 26. Nc6 Nxc6 27. dxc6 Nb5 28. Qe5 Nd4 29. c7 Qd7 30. Qd6 Rc8 31. Qxd7 Bxd7 32. Bb7 Ne2+ 33. Kf1 Nxf4 34. Bxc8 Bb5+ 35. Ke1 Nd3+ 36. Kd2 Ne5 37. Bf5 1-0

[Event "Titled Tue 19th Mar Early"]
[Site "chess.com INT"]
[Date "2024.03.19"]
[Round "5"]
[White "Keymer, Vincent"]
[Black "Steinberg, N."]
[Result "1-0"]
[WhiteElo "2738"]
[BlackElo "2553"]
[PlyCount "83"]
[EventDate "2024.03.19"]

1. Nf3 d5 2. e3 Nf6 3. c4 c6 4. Nc3 e6 5. b3 Nbd7 6. Bb2 Bd6 7. Qc2 a6 8. d4 b5 9. Bd3 O-O 10. O-O Qe7 11. e4 dxc4 $146 ({RR} 11... dxe4 12. Nxe4 Bb8 13. Rfe1 Bb7 14. Ne5 Nxe5 15. Nxf6+ gxf6 16. Bxh7+ Kg7 17. dxe5 f5 18. Re3 Rh8 19. Bxf5 exf5 20. Qxf5 c5 21. Rd1 Bc6 22. Rd6 Be8 23. Rf6 Ra7 24. e6 Bxh2+ 25. Kf1 Kf8 26. Rxf7+ {Klings,P (2148)-Medunova,V (2104) Bregenz 2016 1-0}) 12. bxc4 e5 13. Ne2 Re8 14. Rad1 Rb8 15. Ng3 g6 16. Rfe1 c5 17. d5 b4 18. Qd2 Qf8 19. h3 a5 20. Rf1 Nb6 21. Qg5 Qg7 22. Nh2 h6 23. Qc1 a4 24. f4 exf4 25. Rxf4 Nbd7 26. Ng4 Be5 27. Bxe5 Rxe5 28. Rxf6 Nxf6 29. Nxe5 Nxd5 30. Nc6 Nc3 31. Nxb8 Nxd1 32. Qxd1 Qe5 33. Nc6 Qxg3 34. Ne7+ Kh7 35. Nxc8 b3 36. axb3 a3 37. Bb1 Qe3+ 38. Kh1 Qd4 39. Qxd4 cxd4 40. Nd6 d3 41. Nb5 d2 42. Nc3 1-0

[Event "Titled Tue 19th Mar Early"]
[Site "chess.com INT"]
[Date "2024.03.19"]
[Round "5"]
[White "Piorun, K."]
[Black "Pranav, V."]
[Result "1-0"]
[WhiteElo "2599"]
[BlackElo "2604"]
[PlyCount "107"]
[EventDate "2024.03.19"]

1. g3 d5 2. Bg2 Nf6 3. Nf3 c6 4. O-O Bg4 5. h3 Bxf3 6. exf3 Nbd7 7. d3 e6 8. f4 Bd6 9. Nd2 O-O 10. Nf3 Rc8 $146 ({RR} 10... e5 11. fxe5 Nxe5 12. Nxe5 Bxe5 13. c3 Re8 14. Bd2 Qb6 15. Qb3 Nd7 16. Qxb6 axb6 17. Rfe1 b5 18. Re2 Bf6 19. Rxe8+ Rxe8 20. Rd1 Nc5 21. Bf1 Na4 22. Bc1 d4 23. c4 b4 24. Rd2 h6 25. Re2 {Lukov,V (2435)-Boensch,U (2490) Berlin West 1989 ½-½ (40)}) 11. Re1 Qc7 12. c3 c5 13. Qe2 Rfe8 14. Ne5 Nf8 15. Bd2 N6d7 16. h4 Ng6 17. Ng4 f5 18. Ne3 Nf6 19. c4 d4 20. Nc2 e5 21. fxe5 Nxe5 22. Qf1 Rf8 23. f4 Neg4 24. Bf3 h6 25. Rab1 b6 26. b4 cxb4 27. Nxb4 Bc5 28. Na6 Qd6 29. Nxc5 bxc5 30. Rb7 Rc7 31. Rb2 Ne3 32. Bxe3 dxe3 33. Rxe3 Qd4 34. Rbe2 Rcc8 35. Qf2 Rb8 36. Rd2 Rb1+ 37. Kg2 Qa1 38. Re7 Rfb8 39. Rde2 Rd1 40. Qxc5 Rxd3 41. Qxf5 Rxf3 42. Kxf3 Qf1+ 43. Ke3 Qc1+ 44. Kf2 Qh1 45. Qe6+ Kh8 46. Qf7 Qh2+ 47. Kf3 Qh1+ 48. Ke3 Ng4+ 49. Kd3 Rd8+ 50. Kc3 Qc1+ 51. Kb4 Rb8+ 52. Ka4 Qd1+ 53. Ka5 Qd8+ 54. Rc7 1-0

[Event "Titled Tue 19th Mar Early"]
[Site "chess.com INT"]
[Date "2024.03.19"]
[Round "7"]
[White "Nakamura, Hi"]
[Black "Ter Sahakyan, S."]
[Result "1-0"]
[WhiteElo "2789"]
[BlackElo "2646"]
[PlyCount "97"]
[EventDate "2024.03.19"]

1. Nf3 d5 2. e3 c5 3. b3 Nc6 4. Bb5 f6 5. c4 ({RR} 5. Nc3 e5 6. Bxc6+ bxc6 7. Ba3 Ba6 8. Na4 Qa5 9. c4 dxc4 10. Qc2 Bb5 11. Qc3 Qa6 12. Bxc5 Bxa4 13. Bxf8 Kxf8 14. bxa4 Ne7 15. Rc1 Qxa4 16. Qxc4 Qxc4 17. Rxc4 Kf7 18. Ke2 Rhb8 19. Rhc1 Rb2 {Carlsen,M (2832)-Nakamura,H (2802) chess.com INT 2024 1-0 (44)}) ({RR} 5. Ba3 Qb6 6. c4 e6 7. Nc3 a6 8. Na4 Qa5 9. Bxc6+ bxc6 10. cxd5 cxd5 11. Rc1 Bd7 12. Bxc5 Bxa4 13. Bxf8 Kxf8 14. bxa4 Ne7 15. Nd4 e5 16. Rc5 Qb6 17. Nb3 Kf7 18. O-O h5 19. d4 e4 {Nihal,S (2687)-Sevian,S (2694) chess.com INT 2025 1-0 (34)}) 5... a6 ({RR} 5... d4 6. b4 e5 7. bxc5 Bxc5 8. Nxd4 Bxd4 9. exd4 Qxd4 10. O-O Nge7 11. Ba3 O-O 12. Nc3 Rf7 13. Ba4 a6 14. Nd5 Bg4 15. Qb3 Nxd5 16. cxd5 Na5 17. Qb4 Nc4 18. Rfc1 b5 19. Bb3 Nxd2 20. d6 {Nakamura,H (2789)-Kollars,D (2629) chess.com INT 2024 1-0 (48)}) 6. Bxc6+ bxc6 7. d4 $146 ({RR} 7. Nc3 e5 8. d3 g5 9. Na4 g4 10. Nd2 h5 11. Ba3 Nh6 12. Bxc5 Bxc5 13. Nxc5 Nf5 14. Rc1 d4 15. e4 Ne7 16. b4 h4 17. Ndb3 Ng6 18. Na5 Nf4 19. g3 hxg3 20. fxg3 Ng2+ 21. Kf2 Ne3 {Garcia Martin,M (2299)-Niemann,H (2645) Chess.com INT 2022 ½-½ (42)}) 7... cxd4 8. exd4 e6 9. O-O Bd6 10. Ba3 Ne7 11. Bxd6 Qxd6 12. Re1 O-O 13. Qc1 Ng6 14. Qa3 Qb8 15. Nc3 Ra7 16. Re3 Nf4 17. g3 Nh3+ 18. Kg2 Ng5 19. Nxg5 fxg5 20. Na4 Raf7 21. Rf1 Qc7 22. Re5 Qd8 23. Qc1 Rf5 24. Qe3 Qf6 25. Nc5 h6 26. f3 a5 27. Rf2 Kh8 28. a3 Kg8 29. g4 Rxe5 30. Qxe5 Qf4 31. Nd3 Qf6 32. Nc5 Qf4 33. Qxf4 Rxf4 34. Rd2 Kf8 35. cxd5 exd5 36. h3 h5 37. Na4 Ke7 38. Nc5 Kd6 39. b4 axb4 40. axb4 h4 41. Kf2 Be6 42. Ke3 Rf8 43. Ra2 Rb8 44. Ra4 Re8 45. Kf2 Bf7 46. Ra7 Re7 47. Ra6 Bg6 48. b5 Rc7 49. b6 1-0

[Event "Titled Tue 19th Mar Early"]
[Site "chess.com INT"]
[Date "2024.03.19"]
[Round "7"]
[White "Mitrabha, G."]
[Black "Steinberg, N."]
[Result "1-0"]
[WhiteElo "2526"]
[BlackElo "2553"]
[PlyCount "109"]
[EventDate "2024.03.19"]

1. Nf3 d5 2. c4 d4 3. b4 f6 4. d3 e5 5. a3 a5 6. b5 Nd7 ({RR} 6... Ne7 7. e3 dxe3 8. fxe3 Nf5 9. g4 Nd6 10. Rg1 Be6 11. Qc2 Nd7 12. d4 e4 13. Nh4 f5 14. Ng2 fxg4 15. c5 Nf7 16. Nd2 Be7 17. Nxe4 a4 18. Bb2 Bb3 19. Qe2 h5 20. Nd2 Bh4+ 21. Nxh4 {Ding,L (2777)-Giri,A (2772) Wenzhou 2017 ½-½ (33)}) ({RR} 6... Bc5 7. g3 a4 8. Bg2 Be6 9. O-O Nd7 10. e3 dxe3 11. Bxe3 Bxe3 12. fxe3 Ne7 13. Nc3 Nc5 14. d4 Nb3 15. dxe5 Nxa1 16. Qxa1 O-O 17. Nd4 Bxc4 18. exf6 Ng6 19. fxg7 Rxf1+ 20. Bxf1 Bf7 21. Ne4 {Tugstumur,Y (2396)-Drozdowski,K (2450) chess.com INT 2025 1-0}) 7. g3 Nc5 8. Bg2 a4 9. O-O $146 ({RR} 9. Ra2 Ne7 10. O-O g6 11. e3 Bg7 12. exd4 exd4 13. Re1 O-O 14. Rae2 Nf5 15. Bb2 Kh8 16. h3 h5 17. Qc2 g5 18. Nbd2 g4 19. hxg4 hxg4 20. Nh2 Nh6 21. Ne4 Nxe4 22. Rxe4 f5 23. Rf4 Nf7 {Gritsenko,A (2409)-Fitiak,S (2207) Tomsk 2012 1-0 (53)}) 9... Be6 10. Bd2 Bd6 11. Bb4 Ne7 12. Nbd2 O-O 13. Bxc5 Bxc5 14. Ne4 Bb6 15. Rb1 c5 16. bxc6 bxc6 17. Ne1 Qc7 18. Nc2 Rfb8 19. Rb2 Bf7 20. Qa1 h6 21. Rfb1 f5 22. Nd2 Ba5 23. Nb4 Kh7 24. h3 Rb6 25. c5 Rb5 26. Nc4 Bxc4 27. dxc4 Rxc5 28. Nd3 Rxc4 29. Rb7 Qd6 30. Qa2 Rc3 31. Qf7 Bc7 32. f4 exf4 33. Nxf4 Rxg3 34. Rf1 d3 35. exd3 Rb8 36. Rxb8 Bxb8 37. Kh1 Rg5 38. Rf2 Ng6 39. Bd5 cxd5 40. Ne6 Ne5 41. Nxg5+ hxg5 42. Qxf5+ Qg6 43. Qc8 Nxd3 44. Rf8 Qe4+ 45. Kg1 Qe3+ 46. Kf1 Qe1+ 47. Kg2 Qe2+ 48. Kg1 Ba7+ 49. Kh1 Qe1+ 50. Kg2 Qg1+ 51. Kf3 Ne5+ 52. Ke2 Qg2+ 53. Kd1 Be3 54. Rh8+ Kg6 55. Qe6# 1-0

[Event "Titled Tue 19th Mar Early"]
[Site "chess.com INT"]
[Date "2024.03.19"]
[Round "8"]
[White "Nakamura, Hi"]
[Black "Kollars, Dmitrij"]
[Result "1-0"]
[WhiteElo "2789"]
[BlackElo "2629"]
[PlyCount "95"]
[EventDate "2024.03.19"]

1. Nf3 d5 2. e3 c5 3. b3 Nc6 4. Bb5 f6 5. c4 d4 6. b4 e5 7. bxc5 Bxc5 8. Nxd4 Bxd4 9. exd4 Qxd4 10. O-O Nge7 $146 ({RR} 10... Nh6 11. Ba3 Qxa1 12. Bxc6+ bxc6 13. Qh5+ Kd8 14. Nc3 Qxf1+ 15. Kxf1 Bg4 16. Qh4 Bf5 17. Kg1 Bg6 18. f4 Nf5 19. Qf2 Nd4 20. fxe5 fxe5 21. Qh4+ Kc8 22. Qe7 Re8 23. Qxg7 Nf5 24. Qf6 Kb7 25. Ne4 {Nakamura,H (2768)-Aronian,L (2775) Saint Louis 2022 1-0 (33)}) 11. Ba3 O-O 12. Nc3 Rf7 13. Ba4 a6 14. Nd5 Bg4 15. Qb3 Nxd5 16. cxd5 Na5 17. Qb4 Nc4 18. Rfc1 b5 19. Bb3 Nxd2 20. d6 Nxb3 21. Qxb3 Rd8 22. Bb4 g5 23. a4 Bd7 24. a5 Kg7 25. Ra2 Qg4 26. Rac2 Be6 27. Qa3 Bd5 28. f3 Bxf3 29. h3 Qd4+ 30. Rf2 Bd5 31. Rc7 Rdd7 32. Rc8 e4 33. Bc3 Qd3 34. Qb2 Rxd6 35. Rd2 Qe3+ 36. Kh1 Qf4 37. Rf2 Qe3 38. Bd4 Qd3 39. Rf5 e3 40. Rxg5+ Kh6 41. Rg3 Qd1+ 42. Kh2 e2 43. Be3+ Kh5 44. Qb4 Bc4 45. Rxc4 bxc4 46. Qxc4 Rd4 47. Qxf7+ Kh4 48. Qxh7# 1-0

[Event "Titled Tue 19th Mar Early"]
[Site "chess.com INT"]
[Date "2024.03.19"]
[Round "10"]
[White "Firouzja, Alireza"]
[Black "Carlsen, M."]
[Result "1-0"]
[WhiteElo "2760"]
[BlackElo "2830"]
[PlyCount "77"]
[EventDate "2024.03.19"]

1. Nf3 d5 2. g3 b6 3. Bg2 Bb7 4. O-O Nd7 5. d4 Ngf6 6. c4 dxc4 7. Na3 c3 8. bxc3 e6 9. c4 $146 ({RR} 9. Re1 c5 10. Qd3 Be4 11. Qb5 Be7 12. Nc4 a6 13. Qb2 O-O 14. Ncd2 Bb7 15. e4 Rb8 16. a3 h6 17. e5 Nh7 18. h4 Qc7 19. Nf1 Rfc8 20. Ne3 cxd4 21. cxd4 Qc3 22. Re2 b5 23. Rc2 Qxb2 {Okas,W (2231)-Mugisha,I (1837) Kampala 2018 ½-½ (53)}) 9... Be7 10. Bb2 O-O 11. Rc1 Qc8 12. Nb5 c5 13. d5 exd5 14. Nh4 d4 15. Nf5 Re8 16. Nxe7+ Rxe7 17. Nd6 Qc7 18. Nxb7 Rb8 19. e3 Ne4 20. exd4 Qxb7 21. d5 Nd6 22. Re1 Rbe8 23. Rxe7 Rxe7 24. Bf1 Ne5 25. Rc3 Qd7 26. Qc2 h6 27. Re3 f6 28. h3 Nef7 29. Bc1 Rxe3 30. Bxe3 Ne5 31. Be2 Qxh3 32. Bf4 Qf5 33. Qa4 Qb1+ 34. Bf1 Ndxc4 35. Bxe5 Nxe5 36. d6 Qf5 37. f4 Nf7 38. Qe8+ Kh7 39. Qxf7 1-0

[Event "Titled Tue 19th Mar Late"]
[Site "chess.com INT"]
[Date "2024.03.19"]
[Round "3"]
[White "Firouzja, Alireza"]
[Black "Gavrilescu, David"]
[Result "1-0"]
[WhiteElo "2760"]
[BlackElo "2524"]
[PlyCount "79"]
[EventDate "2024.03.19"]

1. Nf3 {Bronznik,Valerij} d5 2. g3 e6 3. Bg2 Nf6 4. O-O Be7 5. d3 O-O 6. Re1 c5 7. Nbd2 Nc6 8. e4 Qc7 ({RR} 8... b5 9. exd5 ({RR} 9. e5 Nd7 10. Nf1) ({RR} 9. a4 b4 ({RR} 9... bxa4 10. Rxa4 a5 11. Nf1 Rb8 12. Ne3 Re8 13. exd5 exd5 14. b3 Rb4 15. Ra2) 10. exd5 exd5 11. d4 cxd4 ({RR} 11... c4 12. Ne5 Nxd4 13. Ndxc4 Ne6 14. Nc6 Qc7 15. Nxe7+ Qxe7 16. Bg5 Rd8 17. Na5) ({RR} 11... Bf5 12. dxc5 Bxc5 13. Nb3 Bb6 14. Nbd4 Nxd4 15. Nxd4 Be4 16. a5 Bc5 17. Be3) ({RR} 11... h6 12. dxc5 Bxc5 13. Nb3 Bb6 14. Be3 Bf5 15. Bxb6 Qxb6 16. a5 Qc7 17. Nfd4 Be4 18. Qd2) 12. Nb3 Bg4 13. Qd3 Rc8 14. Nfxd4 Nxd4 15. Nxd4 Bc5 16. Nb3 Qd7 17. Nxc5 Rxc5 18. Be3 Rc4 19. b3 Bf5 20. Qd2) 9... exd5 ({RR} 9... Nxd5 10. a4 b4 11. Nc4) 10. Nb3 Re8 11. h3 Qb6 12. c3 Bb7 ({RR} 12... Be6) ({RR} 12... Bf5) ({RR} 12... h6) 13. Be3 Rad8 ({RR} 13... Nd7 14. a4 b4 15. a5 Qa6 16. d4 c4 17. Nc5 Nxc5 18. dxc5) 14. d4 c4 15. Nc5 Bc8 16. b4) 9. Qe2 ({RR} 9. e5 Ng4 10. Qe2 f6 11. exf6 Bxf6) 9... b5 10. c3 ({RR} 10. a4 b4 ({RR} 10... bxa4 11. Rxa4 ({RR} 11. exd5 exd5 {RR} 12. Rxa4 Re8 13. Qd1 ({RR} 13. Nb3 Bd7 14. Bf4 Nd4 15. Qd2 Nxb3 16. cxb3 Qb6) 13... Bd7 ({RR} 13... h6 14. Nb3) 14. Nb3 ({RR} 14. Nf1 h6) 14... Nd4 ({RR} 14... Qb6 15. Bf4 Nd4) 15. Ra1 ({RR} 15. Ra3 Nxf3+ 16. Bxf3 c4 17. Bf4 Qc8) 15... Nxb3 16. cxb3 Qb6) 11... Rd8 ({RR} 11... Re8) 12. b3 ({RR} 12. e5 Nd7 13. Nf1 a5 14. Rg4) 12... Bd7 13. Ra1 a5 14. Bb2) 11. exd5 ({RR} 11. b3 Ba6 12. Bb2 Rac8 13. Rac1 ({RR} 13. Bf1 Rfe8 14. Rad1 h6 15. h4 Red8) ({RR} 13. exd5 exd5 14. Ne5 Nd4 15. Qd1) 13... Rfd8) 11... exd5 ({RR} 11... Nxd5 12. Nc4) 12. Nb3 Re8 13. Bf4 Qb6 14. a5 Qb5 15. Qd2 Be6 16. a6 ({RR} 16. Re2 Rac8 ({RR} 16... Nh5 17. Ng5 Nxf4 18. Qxf4 Bxg5 19. Qxg5 h6 ({RR} 19... Rad8 20. Bxd5) 20. Qh5 Rad8 21. f4) ({RR} 16... Bf8 17. Rae1 ({RR} 17. Ne5 Nxe5 18. Bxe5 Nd7 19. Bf4 Rac8 20. Rae1 Qc6 21. c3 bxc3 22. bxc3 Nf6) 17... Nxa5 18. Nxa5 Qxa5 19. Be5 Qa6 ({RR} 19... Nd7 20. Ng5) 20. Bxf6 gxf6 21. Nh4 Qd6 22. d4 c4 23. Nf5 Qd7 24. Qf4 Bxf5 25. Rxe8 Rxe8 26. Rxe8 Qxe8 27. Qxf5 Qe1+ 28. Bf1 Qe6 29. Qh5 Bg7 30. Bh3 Qe1+ 31. Bf1) 17. Rae1 Bf8 ({RR} 17... Nxa5 18. Nxa5 Qxa5 19. Ng5 Rc6 20. Nxe6 Rxe6 21. Rxe6 fxe6 22. Rxe6) ({RR} 17... Nd7) ({RR} 17... h6 18. Bxh6 gxh6 19. Rxe6 fxe6 20. Qxh6 Nd8 21. Qg6+ Kh8 22. Ng5 Qd7 23. Rxe6 Qxe6 24. Nxe6 Nxe6 25. Qh6+ Kg8 26. Bxd5) 18. Bg5 Bd7 ({RR} 18... Nxa5 19. Nxa5 Qxa5 20. Bxf6 gxf6 21. Bh3 Rc6 22. Qf4) 19. Bxf6 Rxe2 20. Rxe2 gxf6 21. Nh4 Be6 22. Qe1 Ne5 ({RR} 22... Nxa5 23. Rxe6) 23. Nf3 ({RR} 23. d4 cxd4 24. Nxd4 Qxa5 25. Nhf3) 23... Nxf3+ 24. Bxf3 Qd7) 16... Bf8 ({RR} 16... Rac8 17. h3 ({RR} 17. Ne5 Nxe5 18. Bxe5 Nd7 19. Bf4 Bf6) 17... Bf8 18. g4 h6 19. Ne5 Nxe5 20. Bxe5 Nd7 21. Bg3 Nb6 22. d4 ({RR} 22. f4) 22... c4 23. Nc5 Bxc5 24. dxc5 Qxc5 25. Be5) 17. Ne5 Nxe5 18. Bxe5 Nd7 19. Bf4 Qb6 ({RR} 19... Rac8 20. c4 ({RR} 20. Na5 Qxa6 ({RR} 20... Nb6 21. c4 dxc4 22. dxc4 Nxc4 23. Qd3 Nd6 24. Qxb5 Nxb5 25. Nc6) 21. Nc4 ({RR} 21. c4) 21... Qc6 ({RR} 21... Qb7 22. Bd6 Rcd8 23. Bxf8 Rxf8 24. Qf4) 22. Rxa7 Ra8) 20... dxc4 21. Rxe6 ({RR} 21. dxc4 Qxc4 22. Na5 Qxa6 23. Bb7 Qb5 24. Bxc8 Rxc8) 21... fxe6 ({RR} 21... Rxe6 22. dxc4 Qxc4 23. Qxd7) ({RR} 21... cxb3 22. Bc6 Qxc6 23. Rxc6 Rxc6 24. Qd1) 22. dxc4 ({RR} 22. Ra5 Qb6 23. dxc4 e5 24. Be3) 22... Qxc4 23. Na5 Qd4 24. Qe2 c4 ({RR} 24... Qf6 25. Bb7 e5 26. Bxc8 Rxc8 27. Be3) 25. Rd1 Qc5 26. Rxd7 Qxa5 27. Be4) ({RR} 19... Rad8 20. c4 dxc4 ({RR} 20... bxc3 21. bxc3 Qxb3 22. Reb1) 21. dxc4 Bxc4 22. Rxe8 Rxe8 23. Na5 Be6 24. Bc6 Qb6 25. b3 ({RR} 25. Bxd7 Rd8) 25... Bf5 26. Qd5 ({RR} 26. Bxd7 Rd8 27. Nc4 Qf6 28. Be5 Qe7) 26... Be6 27. Qd2 Bf5) ({RR} 19... Nb6 20. Ra5 Qc6 21. Be3 Nd7 22. d4 ({RR} 22. c4 bxc3 23. Qxc3 Rac8 24. Rc1 Qb6 25. Nxc5 Nxc5 26. Bxc5 Bxc5 27. Rxc5 Rxc5 28. Qxc5 Qxa6) 22... c4 23. Nc5 Nxc5 24. dxc5 Rab8 25. b3 c3 26. Qd4) 20. c3 ({RR} 20. c4 bxc3 21. bxc3 Bd6 ({RR} 21... Qxb3 22. Reb1) 22. Na5 Qxa6 23. c4 Bxf4 24. Qxf4 Nf6 25. Reb1) 20... Rac8 21. Qc2 ({RR} 21. cxb4 c4 22. Nc5 Nxc5 23. bxc5 Bxc5 24. dxc4 Bb4 25. Qe3 Bc5 ({RR} 25... Bxe1 26. Qxb6 axb6 27. Rxe1) 26. Qd2 Bb4) 21... d4 22. Nd2 ({RR} 22. Na5 dxc3 ({RR} 22... Qxa6 23. Bb7) ({RR} 22... h6 23. Bb7 dxc3 24. bxc3 g5 25. Bd2 Bg7 26. Bxc8 Rxc8) 23. bxc3 g5 24. Bxg5 Bg7 25. Nc4 ({RR} 25. Bd2 b3 26. Qb2 Ne5) 25... Bxc4 26. dxc4 Bxc3 27. Rxe8+ Rxe8 28. Rd1) 22... h6 23. h4 dxc3 ({RR} 23... Bd6 24. Rxe6 Rxe6 25. Nc4 Qb8 26. Nxd6 Rxd6 27. Bxd6 Qxd6 28. cxb4) ({RR} 23... Nf6 24. Bb7 dxc3) 24. bxc3 bxc3 {Giri,A (2784)-Nakamura,H (2793) London 2015 CBM 170 [Bronznik,Valerij] 1-0 (43)} ({RR} 24... b3 25. Qb2 c4 26. Nxc4 Bxc4 27. dxc4 Nc5 28. Rxe8 Rxe8 29. Be3 Rb8 30. Bd5 Qg6) ({RR} 24... g5 25. hxg5 hxg5 26. Bxg5 Bg7 27. Nc4 ({RR} 27. Bb7 Bxc3) 27... Bxc4 28. Rxe8+ Rxe8 29. dxc4 Bxc3 30. Rd1 Bd4 31. Be3 b3 32. Qf5 Ne5 33. Bxd4 cxd4 34. c5 Qxc5 35. Qg5+ Kf8 36. Qh6+ Kg8 37. Be4 Re6 38. Bh7+ Kh8 39. Bg6+) ({RR} 24... Nf6 25. Bb7 b3 ({RR} 25... Rcd8 26. cxb4 cxb4 27. Bc7 Qb5 28. Bxd8 Rxd8 29. Nc4 b3 30. Qc3 Bc5) 26. Qb1 b2 27. Ra3 Nh5 28. Bxc8 Rxc8 29. Be3 Bd5)) ({RR} 10. e5 Ng4 ({RR} 10... Nd7) 11. h3 ({RR} 11. a4 b4 12. Nb3) ({RR} 11. c3 f6 12. exf6 Bxf6 13. Nb3 c4 14. Nbd4) 11... Nh6 12. g4 f6 13. exf6 gxf6 14. c4) ({RR} 10. Nf1 d4 11. e5 Nd5 12. h4 c4 13. N1h2 a5 14. Ng5 c3 15. b3 a4 16. Qh5 Bxg5 17. hxg5 axb3 18. cxb3 Nxe5 19. Bxd5 exd5 20. Bf4 f6 21. gxf6 gxf6 22. Bh6 Qf7 23. Qh4 Re8 24. f4 Nxd3 {Rathnakaran,K (2256)-Fedorov,A (2457) Indore IND 2024 0-1}) 10... a5 11. Nf1 $146 ({RR} 11. a4 b4 12. e5 Nd7 13. c4 Nb6 14. b3 Rd8 15. Bb2 Bb7 16. h4 Rd7 17. Nf1 Rad8 18. Rad1 dxc4 19. dxc4 Rxd1 20. Rxd1 Rxd1 21. Qxd1 Nd7 22. Qe2 Bf8 23. N1h2 Ne7 24. Ng5 Bxg2 25. Qh5 h6 {Kaiser,H (1972)-Liess,M (1917) Bayern 2016 1-0}) 11... dxe4 12. dxe4 Ba6 13. e5 Nd5 14. Qe4 Rad8 15. h4 h6 16. N1h2 Bc8 17. Ng4 f5 18. exf6 Nxf6 19. Nxf6+ Bxf6 20. Bf4 Qb6 21. Rad1 Ne7 22. Ne5 c4 23. Ng4 Rxd1 24. Rxd1 Nd5 25. Nxh6+ gxh6 26. Qg6+ Kh8 27. Qxh6+ Kg8 28. Qg6+ Kh8 29. Bxd5 exd5 30. Rxd5 Bg4 31. Qh6+ Kg8 32. Qg6+ Kh8 33. Qxg4 Bg7 34. Rh5+ Kg8 35. Rg5 Qa7 36. Be3 Qe7 37. Bd4 Rf7 38. Rxg7+ Rxg7 39. Qxg7+ Qxg7 40. Bxg7 1-0

[Event "Titled Tue 19th Mar Late"]
[Site "chess.com INT"]
[Date "2024.03.19"]
[Round "4"]
[White "Andreikin, D."]
[Black "Bernadskiy, V."]
[Result "1-0"]
[WhiteElo "2729"]
[BlackElo "2573"]
[PlyCount "57"]
[EventDate "2024.03.19"]

1. Nf3 d5 2. e3 Nf6 3. c4 e6 4. b3 a6 5. Bb2 c5 6. cxd5 exd5 7. Be2 Nc6 8. d4 cxd4 9. Nxd4 Bb4+ 10. Bc3 Qa5 $146 ({RR} 10... Bd6 11. Nd2 O-O 12. O-O Bd7 13. Qc2 Re8 14. Nxc6 bxc6 15. Rac1 Qe7 16. Rfe1 a5 17. Bf3 Ng4 18. g3 f5 19. Bg2 Nf6 20. Bxf6 Qxf6 21. Nb1 a4 22. Red1 axb3 23. axb3 Be5 24. Nd2 Reb8 25. Qd3 {Vogel,R (2493)-Ribli,Z (2526) Germany 2018 ½-½ (42)}) 11. Qd2 Nxd4 12. Qxd4 Bxc3+ 13. Nxc3 Be6 14. O-O O-O 15. Bf3 Rac8 16. Rfc1 h6 17. h3 Rc6 18. Ne2 Rxc1+ 19. Rxc1 Qxa2 20. Qb6 Ne4 21. Qxb7 Qd2 22. Bxe4 dxe4 23. Qxa6 Bxb3 24. Qa3 Bd1 25. Ng3 Bc2 26. Qb2 Rc8 27. Nf5 Qc3 28. Qxc3 Rxc3 29. Nd4 1-0

[Event "Titled Tue 19th Mar Late"]
[Site "chess.com INT"]
[Date "2024.03.19"]
[Round "7"]
[White "Theodorou, Nikolas"]
[Black "Sargsyan, Shant"]
[Result "1-0"]
[WhiteElo "2622"]
[BlackElo "2637"]
[PlyCount "69"]
[EventDate "2024.03.19"]

1. Nf3 d5 2. b3 Nf6 3. Bb2 Bf5 4. g3 e6 5. Bg2 h6 6. O-O Be7 7. d3 O-O 8. Nc3 Bh7 9. e4 c6 10. Qe2 ({RR} 10. Nd2 a5 11. Kh1 b5 12. a4 b4 13. Ne2 Na6 14. e5 Nd7 15. f4 c5 16. g4 Rc8 17. f5 Qc7 18. Nf4 Qb6 19. Nf3 Nc7 20. f6 gxf6 21. Nh5 f5 22. Qd2 fxg4 23. Qxh6 Ne8 24. Ng5 Bxg5 {Theodorou,N (2611)-Sychev,K (2542) chess.com INT 2025 1-0 (31)}) 10... a5 11. Kh1 ({RR} 11. a4 Na6 12. Ne1 Nb4 13. Rd1 Qb6 14. h3 dxe4 15. Nxe4 Nxe4 16. dxe4 Rfd8 17. Nf3 Qc5 18. c3 Na6 19. Nd4 Qb6 20. Kh2 e5 21. Nf3 Qxb3 22. Nxe5 Nc5 23. c4 Bf6 24. Ba1 Rxd1 25. Rxd1 Qxa4 {Keymer,V (2731)-Bachmann,A (2570) chess.com INT 2025 ½-½ (45)}) 11... Nbd7 $146 ({RR} 11... Na6 12. a3 b5 13. Ne5 Qc7 14. exd5 exd5 15. f4 Rfe8 16. Rae1 Nc5 17. Nd1 Bd6 18. Nf2 Re7 19. Nfg4 Nxg4 20. Qxg4 f6 21. Ng6 Ree8 22. h4 Qd7 23. f5 Rxe1 24. Rxe1 Re8 25. Rxe8+ Qxe8 26. Kh2 {Theodorou,N (2619)-Nihal,S (2692) chess.com INT 2023 1-0}) 12. a4 Nc5 13. Nd2 Na6 14. f4 Nb4 15. Rac1 Qb6 16. g4 Rfd8 17. g5 hxg5 18. fxg5 Ne8 19. exd5 cxd5 20. Nf3 Nd6 21. Nb5 Nf5 22. Rce1 Rac8 23. Nbd4 Bf8 24. Qf2 Bc5 25. Bh3 Nc6 26. Bxf5 Bxf5 27. Qh4 Nxd4 28. Nxd4 Bg6 29. Re2 Qb4 30. Rf4 Bd6 31. Rg4 Qc5 32. Qh3 e5 33. Rh4 Kf8 34. Ne6+ fxe6 35. Qxe6 1-0